A psicologia (Registo nº 2815)
[ vista simples ]
| 000 -Etiqueta do registo | |
|---|---|
| Valores | 00627nam a22001931i 4500 |
| 090 ## - | |
| -- | 2815 |
| 100 ## - Dados gerais de processamento | |
| Dados gerais | 20170304u u u0frey50 ba |
| 101 0# - Língua de publicação | |
| -- | por |
| 200 1# - Titulo e menção de responsabilidade | |
| Primeira menção de responsabilidade | Jean Piaget |
| Título próprio | A psicologia |
| 215 ## - Descrição física | |
| Paginação / Volumes | 144, [4] p. |
| Dimensões | 19 cm |
| 210 ## - Publicação | |
| Nome do editor | Bertrand |
| Local de publicação | Amadora |
| Data de publicação | imp. 1977 |
| 225 2# - Colecção | |
| Título próprio da colecção | Ciências sociais e humanas |
| Indicação de volume | 4 |
| 300 ## - Notas gerais | |
| Texto da nota | Exemplar NÇ 0003062 em depósito / caixa 374 |
| 410 #0 - | |
| -- | Ciências sociais e humanas |
| 702 #1 - Autor secundário (pessoa individual) | |
| Apelido | Seixas |
| Nome | Maria João |
| -- | 730 |
| Datas | 1945- |
| 700 #1 - Autor principal (pessoa individual) | |
| Apelido | Piaget |
| Nome | Jean |
| -- | 070 |
| Datas | 1896-1980 |
| 996 ## - ISO2709 | |
| -- | 0003062 |
| -- | PIA |
| -- | 00000000 |
| -- | 00000000 |
| -- | BMVA |
| -- | 1 |
| -- | Depósito |
| -- | Psicologia |
| -- | 25 |
| -- | Livro |
| -- | 0 |
| -- | 1 |
| 990 ## - Elementos KOHA | |
| Tipo de documento | Livro |
| 995 ## - Localização e informação dos exemplares | |
| -- | 25 |
| Situação do levantamento | Estado | Biblioteca de origem | Biblioteca de empréstimo | Localização na Estante | Código de barras | Cota | Permissão de empréstimo | Tipo de documento |
|---|---|---|---|---|---|---|---|---|
| Completo | Biblioteca Municipal de Viana Do Alentejo | Biblioteca Municipal de Viana Do Alentejo | 0003463 | PIA | Disponível | Livro |